000 00644nam a2200205 a 4500
001 BRCA_1112
005 20190320203302.0
008 931025s1991 ph-a---##b---#000-0#spa-#
020 _a9718851131
040 _aDLC
_cDLC
_dDLC
050 4 _aN7981
_b.R44 1991
100 1 _aRegalado Trota, José
_93316
245 1 0 _aSimbahan
_bchurch art in colonial Philippines, 1565-1898
_cJosé Regalado Trota.
260 _a[Metro Manila, Filipinas]
_bAyala Museum
_c1991
300 _a251 p.
_bil.
_c23 cm.
504 _aBibliografía : p. 234-240
650 1 4 _aArte cristiano y simbolismo
_zFilipinas
_93317
710 2 _aAyala Museum
_93672
942 _2lcc
_cB
999 _c991
_d991